La theorie du systeme general : theorie de la modelisation
Αποθηκεύτηκε σε:
| Κύριος συγγραφέας: | |
|---|---|
| Μορφή: | Βιβλίο |
| Γλώσσα: | French |
| Δημοσίευση: |
Paris :
Presses universitaires de France,
1984, c1977
|
| Έκδοση: | 2e ed. mise a jour |
| Σειρά: | Systemes-decisions. Section Systemes de gestion
|
| Θέματα: | |
| Ετικέτες: |
Προσθήκη ετικέτας
Δεν υπάρχουν, Καταχωρήστε ετικέτα πρώτοι!
|
MARC
| LEADER | 00000nam a2200000 i 4500 | ||
|---|---|---|---|
| 001 | 1/40422 | ||
| 008 | 950315t19841977 fre d | ||
| 020 | |a 2130384838 | ||
| 035 | |l 10025226 | ||
| 040 | |a GR-MY-UA |b gre |e aacr | ||
| 041 | 0 | |a fre | |
| 082 | 0 | |a 003 |2 (19) | |
| 100 | 1 | |a Le Moigne, Jean Louis. | |
| 245 | 1 | 3 | |a La theorie du systeme general : |b theorie de la modelisation / |c Jean-Louis Le Moigne |
| 250 | |a 2e ed. mise a jour | ||
| 260 | |a Paris : |b Presses universitaires de France, |c 1984, c1977 | ||
| 300 | |a x, 320 p.; |b ill.; |c 23 cm | ||
| 490 | 1 | |a Systemes-decisions. Section Systemes de gestion | |
| 500 | |a Includes index | ||
| 504 | |a Bibliography: p. [285]-302 | ||
| 650 | 0 | 0 | |a System theory. |
| 830 | 0 | |a Systemes-decisions. Section Systemes de gestion | |
| 852 | |a INST |b CHIOS |e 19950315 |h 003 MOI |p 005200006838 |q 005200006838 |t BK |y 0 | ||
| 909 | |a Χ |b 011031 | ||